Statistiques concernant Pays 197 à 205

Cliquez ici pour prendre le quiz!

Statistiques générales

  • Ce quiz a été pris 725 fois
    (698 depuis la dernière actualisation)
  • Le résultat moyen est 5 sur 9

Statistiques - réponses

situationpopulationpays% Correct
L'association libre avec Danemark55 800Groenland
84%
Reconnu par 71% de toutes les nations (139 sur 196)4 550 400Palestine
77%
Une nation africaine, reconnue par 44 nations586 000Sahara occidental
60%
L'association libre avec Danemark49 200Îles Féroé
59%
L'association libre avec Nouvelle Zélande19 100Îles Cook
45%
L'association libre avec Pays-Bas154 800Curaçao
43%
L'association libre avec Pays-Bas107 400Aruba
42%
L'association libre avec Pays-Bas38 200Sint Maarten
42%
L'association libre avec Nouvelle Zélande1 500Niue
39%

Distribution des résultats

Percentile par nombre de réponses

% des personnes avec chaque résultat

Votre développement - résultats

Vous n’avez pas pris ce quiz depuis la dernière actualisation